000 00671nam a2200241Ia 4500
003 OSt
005 20220928122254.0
006 a|||||r|||| 00| 0
007 ta
008 220927b |||||||| |||| 00| 0 eng d
024 _a80901
037 _cTextual
040 _aSDCL
_cSDCL
_beng
041 _2eng
_aeng
082 _aS0bG:5, P5
100 _aRajpal Kaur
_9437143
245 0 _aEcological psychology
_b New trends and innovations.
260 _aNew Delhi
_bDeep and Deep Publications
_c2005
300 _axiv,306p
_ccm.
650 _aPsychology-Ecological
_9457127
942 _hS0bG:5, P5
_cTEXL
_2CC
999 _c770640
_d770640